000 00754nam a2200253Ia 4500
003 OSt
005 20220928121407.0
006 a|||||r|||| 00| 0
007 ta
008 220927b |||||||| |||| 00| 0 eng d
020 _c495
024 _a129312
037 _b0495, 08/03/2016, Bookwell Publications
_cTextual
040 _aSDCL
_cSDCL
_beng
041 _2eng
_aeng
082 _aP, Q6
100 _aHorobin Simon
_9451875
245 0 _aHow english became english
_b A short history of a global language
260 _aOxford
_bOxford Univesity Press
_c2016
300 _axii;175p.
_ccm.
650 _aReference
942 _hP, Q6
_cTEXL
_2CC
999 _c765880
_d765880